Missing Word: Sporcle Groups Quiz Stats

 Plays Quiz not verified by Sporcle

Score 0/18 Timer 03:00
0 Plays Today
Sporcle Group Missing Word % Correct
Twenty _____Questions
90.6%
Off _____Topic
87.5%
_____ DosingDaily
87.5%
Report a _____Problem
84.4%
Shameless _____Promotion
84.4%
New _____ RequestsFeature
81.3%
_____ NewsSporcle
81.3%
_____ FeedbackQuiz
81.3%
_____ and MathScience
78.1%
Sporcle Group Missing Word % Correct
_____ the StarFind
75%
General _____Discussion
75%
_____ Case and RecognitionTrophy
68.8%
_____ TalkBadge/Geography
62.5%
_____ and CollaborationsContests
59.4%
Movies, TV and _____Music
59.4%
How To & _____Tips
56.3%
_____ FeaturesUpcoming
50%
Gaming, Games, and _____Toys
31.3%

You're not logged in!

Compare scores with friends on all Sporcle quizzes.
OR
Log In

Sporcle TV

Today on Sporcle TV


Watch our educational content, quiz creation guides, and fun videos on Sporcle TV.

Show Comments

Extras

Top Quizzes Today


Score Distribution

Your Account Isn't Verified!

In order to create a playlist on Sporcle, you need to verify the email address you used during registration. Go to your Sporcle Settings to finish the process.

Report this User

Report this user for behavior that violates our Community Guidelines.

Details: